| 000 | 01487cam a22003974i 4500 | ||
|---|---|---|---|
| 003 | PE-LiUPU | ||
| 005 | 20250731173213.0 | ||
| 008 | 150625s r 000 0 d | ||
| 035 | _a(Sirsi) a32575 | ||
| 040 |
_aPE-LiUPU _bspa _cPE-LiUPU _erda |
||
| 082 | 0 | 4 |
_a223.206 _bS39 _221 |
| 100 | 1 |
_aSeybold, Klaus, _eautor. |
|
| 245 | 1 | 0 | _aIntroducing The Psalms. |
| 264 | 1 |
_aEdinburgo : _bT&T Clarkltd, _c1990. |
|
| 300 |
_a260 páginas ; _c21.5 cm. |
||
| 336 |
_atext _2rdacontent |
||
| 337 |
_aunmediated _2rdamedia |
||
| 338 |
_avolume _2rdacarrier |
||
| 505 | 0 | _aThe Psalter and its transmission. -The origins of the Psalms. -The purpose of the Psalms. -The classification of the Psalms. -Perception of Faith. -Outlook on life. -Cosmology. -Relationship with Classical Oriental Psalmody. -The influence of the Psalms. -Expounding the Psalms. | |
| 526 | _aSEG42 | ||
| 526 | _aSEG41 | ||
| 526 | _aSEG40 | ||
| 526 | _aSEG39 | ||
| 526 | _aP94 | ||
| 526 | _aP87 | ||
| 526 | _aP86 | ||
| 526 | _aP85 | ||
| 526 | _aP77 | ||
| 526 | _aP76 | ||
| 526 | _aP35 | ||
| 942 |
_2ddc _cBOOK |
||
| 949 |
_a223.206 S39 _wDEWEY _c1 _i37922 _lCCODEBUL1 _mBUL _p00.00 _r0 _sY _tBOOK _u2015-06-25 _xBIBLIOTECA _zUNKNOWN _0COMPRA _o.STAFF. Colección General |
||
| 596 | _a1 | ||
| 999 |
_a223.206 S39 _wDEWEY _c40242 _i37922 _d40242 _f2021-11-11 _g5 _lCCODEBUL1 _mBUL _q2 _r0 _sY _tBOOK _u2015-6-25 _xTEOLOGIA _zUNKNOWN _0COMPRA _o.STAFF. Colección General |
||
| 980 |
_81 _gALBERTO SANCHEZ Responsable de Automatización |
||